000 00360 a2200169 4500
001 182663
020 _a85-01-04332-X
040 _cMagnum
100 _aLopes, Carlos Herculano
240 1 0 _aO Ășltimo conhaque
_lpor
245 1 0 _aO Ășltimo conhaque
300 _a142
362 0 _a1998
440 1 _aRecord
697 _aLITERATURA GERAL
942 _cBK
999 _c182663
_d182663